00638nam a2200181Ia 4500008004100000020001500041041001200056082001600068100002300084245008600107260004900193300000800242650000700250700001800257942000700275999001500282952015900297221030s9999 xx 000 0 und d a8122410421 aEnglish a105.23bBha aS. K. Bhattacharya 0aExperiments in Basic Eelctrical Engineeringcby S. K. Bhattacharya, K. M. Rastogi bNew Age International Pub.aNew Delhic1997 a275 aEE aK. M. Rastogi cBK c1329d1329 pBE 205g135.00l0o105.23 Bhar2024-06-13 00:00:00w2022-10-30yBK003Print4070aMIETLIBbMIETLIBcBL-First, FL-1, CUP-36, SH-1, R-1d2001-12-2410HBE